Bundesländer (AT) und Kantone (CH) mit Karte - Statistiken

Allgemein
  • Dieses Quiz wurde 287 mal gespielt
  • Das Durchschnittsergebnis liegt bei 29 aus 35
Antworten auf der Karte
Die Antworten werden auf der Karte rot bzw. grün angezeigt, abhängig davon wie oft sie richtig erraten wurden.
 
Antwortstatistiken
Land Bundesland/Kanton % Korrekt
Österreich Wien
98%
Schweiz Bern
97%
Österreich Tirol
96%
Österreich Niederösterreich
94%
Österreich Oberösterreich
94%
Österreich Salzburg
94%
Schweiz Zürich
94%
Schweiz Genf
91%
Österreich Burgenland
90%
Österreich Kärnten
88%
Österreich Steiermark
87%
Schweiz Basel-Stadt
85%
Österreich Vorarlberg
84%
Schweiz Wallis
82%
Schweiz Aargau
81%
Schweiz Schaffhausen
80%
Schweiz Uri
80%
Schweiz Appenzell-Ausserrhoden
78%
Schweiz Appenzell-Innerrhoden
78%
Schweiz Luzern
78%
Schweiz St. Gallen
78%
Schweiz Tessin
78%
Schweiz Thurgau
78%
Schweiz Zug
78%
Schweiz Basel-Landschaft
77%
Schweiz Graubünden
77%
Schweiz Schwyz
77%
Schweiz Freiburg
76%
Schweiz Jura
75%
Schweiz Obwalden
72%
Schweiz Waadt
72%
Schweiz Nidwalden
71%
Schweiz Solothurn
70%
Schweiz Glarus
68%
Schweiz Neuenburg
68%
Keine übereinstimmenden Quizze gefunden
Verteilung der Resultate
Anzahl Personen mit jedem Resultat
Perzentil nach korrekt beantworteten Fragen
Ihre Resultats-Entwicklung
Sie haben dieses Quiz noch nicht gespielt